MDQL
is popping MORE tags! Check the
thread
!
Quizzes
Events
Quiz Creation
Community
Videos
Private Events
Remove Ads
Sign In
Join for FREE
Feedback
Dark Mode
Quiz Categories
Sports
Geography
Music
Movies
Television
Just For Fun
Miscellaneous
History
Literature
Language
Science
Gaming
Entertainment
Religion
Holiday
For Kids
Quiz Lab
Recent
Popular Today
Quiz Kudos Today
Editor Picks
Curator Picks
Quizzes by...
Day
Popularity
Type
Ratings
Length
Year
Community
Subscriptions
Recent Discussions
Orange Saloon
Badges
Playlists
Quests
Create
Leaderboards
Showdown
Live 5
Trivia Bingo
Activity
Puzzle Library
Sporcle Events
Private Events
Virtual Trivia
Globe League
Become a Host
Pub Owners
SporcleCon
Opinionation
Our Games
Videos
Blog
Mobile Apps
Partnerships
Remove Ads and Go Orange
Feedback
Sports
Athletes
MLB
NBA
NHL
NFL
Soccer
Sports Teams
WWE
NCAA
Football
Premier League
Basketball
Baseball
Hockey
Golf
Tennis
Cricket
Rugby
Auto Racing
Olympics
World Cup
Sports
Athletes
MLB
NBA
NHL
NFL
Soccer
Sports Teams
WWE
NCAA
Football
Premier League
Basketball
Baseball
Hockey
Golf
Tennis
Cricket
Rugby
Auto Racing
Olympics
World Cup
Random Quiz
Search Sporcle
×
Quiz Lab
Quiz Lab
Sports
NFL
Type in answers that appear in a list
Type in answers that appear in a list
Classic
Best Score? Go Orange.
Mel Kiper's 2010 Mock Draft 1st Round Stats
Can you name the Mel Kiper's 2010 NFL Mock Draft 1st Round?
By
bryja
7m
32 Questions
289 Plays
289 Plays
289 Plays
Comments
Comments
Give Quiz Kudos
Give Quiz Kudos
-
- Ratings
hide this ad
Replay
Link that replays current quiz
Next Quiz
Link to next quiz in quiz playlist
You Got
0%
They Got
Avg Score
47%
Avg Friend Score
Upgrade to see
Score Distribution
Jump to the score distribution portion of the page
Score
0/32
Timer
07:00
0
Plays Today
School
Player
% Correct
Nebraska
Ndamukong Suh
95.8%
Oklahoma
Sam Bradford
94.8%
Oklahoma
Gerald McCoy
88.2%
Tennessee
Eric Berry
82%
Notre Dame
Jimmy Clausen
76.8%
Oklahoma State
Dez Bryant
69.9%
Clemson
C.J. Spiller
64.4%
Oklahoma State
Russell Okung
61.2%
Oklahoma
Trent Williams
60.6%
Tennessee
Dan Williams
59.5%
Florida
Joe Haden
57.1%
Texas
Earl Thomas
54%
Alabama
Rolando McClain
49.1%
Notre Dame
Golden Tate
45.3%
Southern California
Taylor Mays
44.6%
South Florida
Jason Pierre-Paul
43.9%
School
Player
% Correct
Florida
Carlos Dunlap
42.9%
Georgia Tech
Derrick Morgan
41.9%
Rutgers
Anthony Davis
40.8%
Michigan
Brandon Graham
36%
Iowa
Bryan Bulaga
34.6%
Texas
Sergio Kindle
33.2%
Oklahoma
Jermaine Gresham
32.2%
Maryland
Bruce Campbell
26.3%
Georgia Tech
Jonathon Dwyer
25.3%
Penn State
Jared Odrick
24.9%
UCLA
Brian Price
24.6%
Florida
Aaron Hernandez
22.8%
Florida State
Patrick Robinson
22.8%
Southern California
Everson Griffen
20.8%
Penn State
Navorro Bowman
19.4%
Clemson
Ricky Sapp
15.2%
Quiz Playlist
Details
Report
Send in Message
Add To Playlist
Classic:
Type in answers that appear in a list
Last Updated: Feb 16, 2017
Quiz Scoreboard
CHALLENGE
Sign Up to Join the Scoreboard
Show All
Scores
Hide
Comments
May contain spoilers
Recently Published
Find the 'City' Movie
by crazypaving
Movies
60s
5x2 Blitz: Bands
by SL_Kpop136
Music
30s
Colored Red Africa Blitz
by spor1
Geography
30s
More to Explore
Quiz From the Vault
Featured Blog Post
14 Easter Pick-up Lines to Find Eggs With
hide this ad
You Might Also Like...
Tags
NFL Quiz
1st Round
2010
Draft
Kiper
mel
Mel Kiper
mock
Player
round
school
Today's Top Quizzes in Sports
Browse Sports
hide this ad
Today's Top Quizzes in NFL
Browse NFL
Top Contributed Quizzes in Sports
1
Players with Multiple 50 Home Run Seasons
2
Les entraîneurs de l'OM et du PSG au 21e siècle
3
Criteria MLB: Left Handed Sluggers
4
2022 World Cup Stars
5
Les meilleurs buteurs des matchs entre le PSG et l’OM
6
Who Hit More Homers?
7
Les joueurs passés par le PSG et l'OM
8
NBA Logic Puzzle 2.0
9
Top 10 NHL Goal Scorers of All Time
10
MLB Players with Two .350 Batting Average Seasons
Explore More
Trending Topics
Harry Potter
NBA
Disney
Kpop
Crossword
Anime
Marvel
Pokémon
Country
Song
The Office
Soccer
Puzzle
WWE
NFL
hide this ad
More By:
bryja
Quiz
Plays
Rating
Category
Featured
Created
Sports Foursomes
6,656
2.24
Sports
Sep 8, 2010
Sports Threesome
5,253
3.06
Sports
Sep 9, 2010
Sports Sixsomes
4,294
3.16
Sports
Aug 30, 2011
Sports Duos
3,351
2.48
Sports
Sep 14, 2010
NBA Alma Maters 09-10(Chicago Bulls)
1,153
3.50
Sports
Jan 31, 2010
Go to Creator's Profile
Score Distribution
Quiz Creator Spotlight
bryja
Follow
Send a Message
Quizzes Created
-
Created Quiz Play Count
-
More By This Creator
Popular Quizzes Today
1
Colored Red Africa Blitz
2
Find the US States - No Outlines Minefield
3
Find the 'City' Movie
4
5x2 Blitz: Bands
5
The Countries of the World
6
Find the US States
7
US States
8
9x9 Crossword: Cartoon Network
More Sports Quizzes
Top XIs: Tranmere Rovers (1990s)
Quiz Lab
Trending Quizzes
Colored Red Europe Blitz I
Colored Red Europe Blitz II
Colored Red Africa Blitz II
Colored Red Europe Blitz III
Colored Red Africa Blitz III
Recently Updated
Godzilla Movies
pecheneg
Grab Bag: 4-10 Letters
pecheneg
2024 March Madness Bracket
pecheneg
Famous TV Couples
Peacemaker
Champions League XIs: Real Madrid
pecheneg
Largest US Cities 1790-2010
pecheneg
Rides in Walt Disney World
pecheneg
Most Oscar Losses (Acting)
pecheneg
Beyoncé Albums
pecheneg
Leaping Animals
pecheneg
Trending Topics
Harry Potter
Crossword
NBA
Kpop
Disney
Marvel
Anime
The Office
WWE
Country
Soccer
Pokémon
Puzzle
NFL
Song
Your Account Isn't Verified!
In order to create a playlist on Sporcle, you need to verify the email address you used during registration. Go to your
Sporcle Settings
to finish the process.
Report this User
Report this user for behavior that violates our
Community Guidelines
.
Details:
Send Report
Go to the Sporcle.com Mobile Site →
Comments